000 00640nam a2200253Ia 4500
003 OSt
005 20221007101313.0
006 a|||||r|||| 00| 0
007 ta
008 221006b |||||||| |||| 00| 0 eng d
024 _a6,212
037 _cTextual
040 _aLCO
_cLCO
_beng
041 _2eng
_aeng
082 _aV8:2, L2
100 _aATINGS R
_9702837
245 0 _aGoverning Australia.
260 _aNew
_bYork John wiley & sons
_c1972
300 _a198
650 _aGOVERNMENT
_9702413
700 _a GRAYCAR A
_9702838
942 _hV8:2, L2
_cTEXL
999 _c1175775
_d1175775